000 00574nam a22002177a 4500
003 UA-OsUOA
001 121334
007 ta
008 20170320b un ||||| |||| 00| 0 ukr d
100 _aМельниченко В.
090 _a82
_bМ48
942 _cSA
040 _aUA-OsUOA
_bukr
_cUA-OsUOA
_dUA-OsUOA
245 _aТарас Шевченко: "Почав писати в 1937 р."
300 _aС.6
955 _a0
041 _aukr
080 _a82
773 0 _w121333
650 7 _a82 Література. Літературознавство
_2UDC
999 _c407607
_d407607